| 000 | 01118nas a2200349 4500 | ||
|---|---|---|---|
| 001 | BR9901812 | ||
| 003 | BR-BrBNA | ||
| 005 | 20231205101349.0 | ||
| 007 | ta | ||
| 008 | 230509b bl.|||p| |||| 00| 00por d | ||
| 040 |
_aBR-BrBNA _bpor _cBiblioteca Nacional de Agricultura |
||
| 041 | _a(Pt) | ||
| 072 | _aP34; F04 | ||
| 100 | 1 | _aOliveira Junior, V.M. de | |
| 100 | 1 | _aSantos, M.M.L.S. dos | |
| 100 | 1 | _aFaro, M.P. dos S. | |
| 100 | 1 | _aBejamin, A.M. da S. | |
| 100 | 1 | _aOliveira, W.J.D. de | |
| 245 | 1 | _aCrescimento de mudas de taxi branco da terra firme (Sclerolobium paniculatum Vogel)micorrizadas e adubadas com diferentes fontes de fosfato natural em casa de vegetacao | |
| 650 | _aTaxi Branco | ||
| 650 | _aMuda | ||
| 650 | _aMicorriza | ||
| 650 | _aInoculacao | ||
| 650 | _aAdubacao | ||
| 650 | _aFosfato de Rocha | ||
| 650 | _aCrescimento | ||
| 650 | _aEstufa | ||
| 650 | _aPara | ||
| 773 | 0 |
_tBoletim da Faculdade de Ciencias Agrarias do Para (Brazil) _xISSN 0100-2694 _g(Jan-Jun 1997), no. 27 p. 43-60 _wBR9901812 |
|
| 909 |
_a202311 _bLúcia _c55 _dLúcia Elande |
||
| 942 |
_2AGRIS _n0 _cANA |
||
| 999 |
_c161375 _d161375 |
||